Statistics for Video Game Titles: Missing Words (R)

Click here to take the quiz!

General Stats

  • This quiz has been taken 28 times
  • The average score is 9 of 20

Answer Stats

Year ReleasedVideo Game% Correct
2002{Red} Faction II
95%
1996{Resident} Evil
84%
2007{Rock} Band
84%
1991Streets of {Rage}
68%
2015{Rise} of the Tomb Raider
63%
2008Ticket to {Ride}
63%
2003{Ratchet} & Clank: Going Commando
58%
1990Chip 'n Dale: {Rescue} Rangers
47%
2010Heavy {Rain}
47%
2000Alien {Resurrection}
42%
2004Red Dead {Revolver}
42%
2005Burnout {Revenge}
37%
2011{Rayman} Origins
32%
2001Project Gotham {Racing}
26%
2006{Resistance}: Fall of Man
26%
1993{Ridge} Racer
26%
2005{Rogue} Galaxy
11%
2000Destruction Derby {Raw}
5%
1994Rise of the {Robots}
5%
2015{Resogun}: Defenders
0%

Score Distribution

Percentile by Number Answered

Percent of People with Each Score

Your Score History

You have not taken this quiz